Southville International School and Colleges
Your cart is empty.
  • Cart
  • Lists
    Public lists Eva Luna New books Lux_list list_1
    Your lists Log in to create your own lists
  • Log in to your account
  • Your cookies
  • Search history
Southville International School and Colleges
  • Advanced search
  • Recent comments
  • Most popular
  • Libraries

Log in to your account

Log in with GOOGLE


If you do not have an external account, but do have a local account, you can still log in:

  1. Home
  2. MARC view: The Kirlian aura :
Normal view MARC view ISBD view

The Kirlian aura : (Record no. 9134)

[ view plain ]
MARC details
000 -LEADER
fixed length control field 01251cam a2200361 4500
001 - CONTROL NUMBER
control field 4086823
003 - CONTROL NUMBER IDENTIFIER
control field OSt
005 - DATE AND TIME OF LATEST TRANSACTION
control field 20140310182058.0
008 - FIXED-LENGTH DATA ELEMENTS--GENERAL INFORMATION
fixed length control field 740606r19741973nyua b 101 0 eng
010 ## - LIBRARY OF CONGRESS CONTROL NUMBER
LC control number 73010733
020 ## - INTERNATIONAL STANDARD BOOK NUMBER
International Standard Book Number 0385065744
040 ## - CATALOGING SOURCE
Original cataloging agency DLC
Transcribing agency DLC
Modifying agency DLC
050 00 - LIBRARY OF CONGRESS CALL NUMBER
Classification number TR 760
Item number .K59 1974
082 ## - DEWEY DECIMAL CLASSIFICATION NUMBER
Classification number HS 778
Item number K63 1974
111 2# - MAIN ENTRY--MEETING NAME
Meeting name or jurisdiction name as entry element Western Hemisphere Conference on Kirlian Photography, Acupuncture, and the Human Aura,
Number [OBSOLETE] 1st,
Location of meeting New York,
Date of meeting 1972.
9 (RLIN) 12539
240 10 - UNIFORM TITLE
Uniform title <a href="Galaxies of life">Galaxies of life</a>
245 14 - TITLE STATEMENT
Title The Kirlian aura :
Statement of responsibility, etc edited by Stanley Krippner and Daniel Rubin.
Remainder of title photographing the galaxies of life /
250 ## - EDITION STATEMENT
Edition statement [1st ed.]
260 ## - PUBLICATION, DISTRIBUTION, ETC. (IMPRINT)
Place of publication, distribution, etc Garden City, N.Y.,
Name of publisher, distributor, etc Anchor Books,
Date of publication, distribution, etc 1974.
300 ## - PHYSICAL DESCRIPTION
Extent 208 p. ;
Other physical details ill. ;
Dimensions 21 cm.
350 ## - PRICE (NR) (BK AM CF MU VM SE) [OBSOLETE]
Price $3.95
490 0# - SERIES STATEMENT
Series statement Social change series
500 ## - GENERAL NOTE
General note Published in 1973 under title: Galaxies of life.
504 ## - BIBLIOGRAPHY, ETC. NOTE
Bibliography, etc Bibliography: p. 200-204.
650 #0 - SUBJECT ADDED ENTRY--TOPICAL TERM
Topical term or geographic name as entry element Kirlian photography
General subdivision Congresses.
9 (RLIN) 12540
650 #0 - SUBJECT ADDED ENTRY--TOPICAL TERM
Topical term or geographic name as entry element Parapsychology
General subdivision Congresses.
9 (RLIN) 12541
650 #0 - SUBJECT ADDED ENTRY--TOPICAL TERM
Topical term or geographic name as entry element Acupuncture
General subdivision Congresses.
9 (RLIN) 12542
700 1# - ADDED ENTRY--PERSONAL NAME
Personal name Krippner, Stanley,
Dates associated with a name 1932-
Relator term ed.
9 (RLIN) 12543
700 1# - ADDED ENTRY--PERSONAL NAME
Personal name Rubin, Daniel,
Relator term ed.
9 (RLIN) 12544
906 ## - LOCAL DATA ELEMENT F, LDF (RLIN)
a 7
b cbc
c orignew
d 2
e ocip
f 19
g y-gencatlg
942 ## - ADDED ENTRY ELEMENTS (KOHA)
Source of classification or shelving scheme Library of Congress Classification
Holdings
Withdrawn status Lost status Source of classification or shelving scheme Damaged status Home library Current library Shelving location Date acquired Total Checkouts Full call number Barcode Date last seen Copy number Price effective from Koha item type
    Library of Congress Classification   Luxembourg Library Luxembourg Library High School Section 08/23/2013   TR 760 .K59 1974 9911 05/25/2015 1 10/03/2013 Books

The Kirlian aura :

APA

Western Hemisphere Conference on Kirlian Photography A. a. t. H. A., Krippner S. & Rubin D. (1974). The Kirlian aura. Garden City, N.Y: Anchor Books.

Chicago

Western Hemisphere Conference on Kirlian Photography Acupuncture and the Human Aura, Krippner Stanley and Rubin Daniel. 1974. The Kirlian aura. Garden City, N.Y: Anchor Books.

Harvard

Western Hemisphere Conference on Kirlian Photography A. a. t. H. A., Krippner S. and Rubin D. (1974). The Kirlian aura. Garden City, N.Y: Anchor Books.

MLA

Western Hemisphere Conference on Kirlian Photography Acupuncture and the Human Aura, Krippner Stanley and Rubin Daniel. The Kirlian aura. Garden City, N.Y: Anchor Books. 1974.

  • Place hold
  • Print
  • Cite
  • Add to your cart (remove)
  • Save record
    BIBTEX Dublin Core MARCXML MARC (non-Unicode/MARC-8) MARC (Unicode/UTF-8) MARC (Unicode/UTF-8, Standard) MODS (XML) RIS
  • More searches
    Search for this title in:
    Other Libraries (WorldCat) Other Databases (Google Scholar) Online Stores (Bookfinder.com) Open Library (openlibrary.org)

Exporting to Dublin Core...

SOUTHVILLE LIBRARY

Southville International School and Colleges Library

1281 Tropical Ave. Cor. Luxembourg St., BF Homes International, Las Pinas City

Tel. No. 8256374 / 252358 Loc. 117/146

Powered by Koha